[Event "Titled Tuesday intern op 01st Aug Early"]
[Site "Chess.com INT"]
[Date "2023.08.01"]
[Round "2"]
[White "Havlik, Jan"]
[Black "Haraguchi, Diego Sashaki"]
[Result "1-0"]
[WhiteElo "2365"]
[BlackElo "1967"]
[PlyCount "21"]
[EventDate "2023.08.01"]
[EventType "swiss (blitz)"]
[EventRounds "11"]
[EventCountry "USA"]
[SourceTitle "EXT 2024"]
[Source "ChessBase"]
[SourceDate "2023.10.10"]
[SourceVersion "1"]
[SourceVersionDate "2023.10.10"]
[SourceQuality "1"]

1. e4 e5 2. Bc4 Nf6 3. d4 exd4 4. Nf3 Nxe4 5. Qxd4 Nd6 6. 0-0 Nxc4 7. Re1+ Be7 8. Qxg7 Rf8 9. Bh6 d6 10. Qxf8+ Kd7 11. Qxf7 1-0

[Event "CZE-chT2A 2223"]
[Site "Czech Republic"]
[Date "2022.12.18"]
[Round "5.3"]
[White "Havlik, Jan"]
[Black "Petrova, Kristyna"]
[Result "1/2-1/2"]
[WhiteElo "2377"]
[BlackElo "2213"]
[PlyCount "65"]
[EventDate "2022.10.16"]
[EventType "team-tourn"]
[EventRounds "11"]
[EventCountry "CZE"]
[SourceTitle "EXT 2024"]
[Source "ChessBase"]
[SourceDate "2023.10.10"]
[SourceVersion "1"]
[SourceVersionDate "2023.10.10"]
[SourceQuality "1"]
[WhiteTeam "Pisek"]
[BlackTeam "Line II"]
[WhiteTeamCountry "CZE"]
[BlackTeamCountry "CZE"]

1. e4 c5 2. Nf3 Nc6 3. d4 cxd4 4. Nxd4 e6 5. Nc3 Qc7 6. Be2 Nf6 7. 0-0 a6 8. Be3 Be7 9. f4 d6 10. Qe1 0-0 11. Qg3 Nxd4 12. Bxd4 b5 13. e5 dxe5 14. fxe5 Bc5 15. Bxc5 Qxc5+ 16. Kh1 Nd7 17. Bf3 Rb8 18. Rae1 b4 19. Nd1 Bb7 20. Bxb7 Rxb7 21. Nf2 Qxc2 22. Ne4 Rb5 23. Nf6+ Nxf6 24. exf6 Qg6 25. fxg7 Qxg7 26. Qb3 Rd8 27. Qc4 Rbd5 28. Re3 Qxb2 29. Rb3 Qd4 30. Qxa6 Rg5 31. Qb7 Rf5 32. Rbf3 h6 33. Rxf5 1/2-1/2

[Event "Titled Tuesday intern op 20th Sep Early"]
[Site "Chess.com INT"]
[Date "2022.09.20"]
[Round "1"]
[White "Zaichenko, Daria"]
[Black "Havlik, Jan"]
[Result "0-1"]
[WhiteElo "2104"]
[BlackElo "2377"]
[PlyCount "134"]
[EventDate "2022.09.20"]
[EventType "swiss (blitz)"]
[EventRounds "11"]
[EventCountry "USA"]
[SourceTitle "EXT 2023"]
[Source "ChessBase"]
[SourceDate "2022.10.05"]
[SourceVersion "1"]
[SourceVersionDate "2022.10.05"]
[SourceQuality "1"]

1. f4 c5 2. e4 Nc6 3. Nf3 g6 4. Nc3 Bg7 5. Bc4 e6 6. 0-0 Nge7 7. e5 0-0 8. Ne4 d5 9. exd6 Nf5 10. d3 Nxd6 11. Bb3 Nd4 12. Kh1 Nxb3 13. axb3 b6 14. c3 Bb7 15. Qe2 Bd5 16. Ra3 Nb5 17. Ra1 Bb7 18. Be3 h6 19. Rad1 Nd6 20. Nxd6 Qxd6 21. d4 cxd4 22. Nxd4 Qe7 23. Bf2 Rae8 24. Bg3 Qc5 25. Qg4 h5 26. Qe2 Rd8 27. Bf2 Qd5 28. Nf3 Qxb3 29. Bd4 Bxf3 30. Rxf3 Bxd4 31. Rxd4 Rxd4 32. cxd4 Qd5 33. Qe5 Rc8 34. h3 Qxe5 35. dxe5 Rc2 36. Ra3 Rxb2 37. Rxa7 Rf2 38. Ra4 Kg7 39. Rb4 g5 40. fxg5 Kg6 41. Rxb6 Kxg5 42. Rb4 Re2 43. Rb5 Kf4 44. Rb7 Kg3 45. Rb3+ Kh4 46. Rf3 Rxe5 47. Rxf7 Kg5 48. Rg7+ Kf6 49. Rh7 Kg6 50. Rd7 Re2 51. Kh2 e5 52. Re7 Kf5 53. Kg3 h4+ 54. Kf3 Rb2 55. Rf7+ Ke6 56. Rh7 Rb3+ 57. Kf2 Rb4 58. Kf3 Kd5 59. Rh5 Rb3+ 60. Kf2 Kd4 61. Rxh4+ e4 62. Rf4 Rb2+ 63. Kg1 Ke3 64. Rf6 Kd3 65. g4 e3 66. Rd6+ Ke4 67. Rf6 Rb1+ 0-1

[Event "CZE-ch Betsys Online Blitz"]
[Site "Chess.com INT"]
[Date "2021.04.17"]
[Round "13"]
[White "Havlik, Jan"]
[Black "Sykora, Marek1111"]
[Result "1-0"]
[WhiteElo "2393"]
[BlackElo "2213"]
[PlyCount "51"]
[EventDate "2021.04.17"]
[EventType "swiss (blitz)"]
[EventRounds "13"]
[EventCountry "CZE"]
[SourceTitle "CBM 201 Extra"]
[Source "ChessBase"]
[SourceDate "2021.05.31"]
[SourceVersion "1"]
[SourceVersionDate "2021.05.31"]
[SourceQuality "1"]

1. e4 e5 2. Nf3 Nc6 3. Bb5 a6 4. Ba4 Nf6 5. d4 Nxd4 6. Nxe5 Ne6 7. 0-0 Bc5 8. Nc3 0-0 9. Bb3 d6 10. Nd3 Ba7 11. Kh1 Qe7 12. f4 Nc5 13. e5 Ng4 14. f5 Nxd3 15. Qxd3 Qxe5 16. Bf4 Qxf5 17. Qg3 Qg6 18. Nd5 Kh8 19. Nxc7 Rb8 20. Bxd6 Rg8 21. Bxf7 Nf2+ 22. Rxf2 Qxg3 23. Bxg3 Bxf2 24. Bxf2 Rf8 25. Ba7 Rxf7 26. Bxb8 1-0

[Event "Titled Tuesday intern op 09th Mar"]
[Site "Chess.com INT"]
[Date "2021.03.09"]
[Round "2"]
[White "Havlik, Jan"]
[Black "Chitlange, Sakshi"]
[Result "1-0"]
[WhiteElo "2393"]
[BlackElo "2167"]
[PlyCount "99"]
[EventDate "2021.03.09"]
[EventType "swiss (blitz)"]
[EventRounds "11"]
[EventCountry "USA"]
[SourceTitle "CBM 201 Extra"]
[Source "ChessBase"]
[SourceDate "2021.05.31"]
[SourceVersion "1"]
[SourceVersionDate "2021.05.31"]
[SourceQuality "1"]

1. e4 c5 2. Nf3 d6 3. d4 cxd4 4. Nxd4 Nf6 5. Nc3 a6 6. Bc4 e6 7. Bb3 Nbd7 8. 0-0 Nc5 9. Bg5 Be7 10. Qe1 h6 11. Bh4 g5 12. Bg3 e5 13. Nf5 Bxf5 14. exf5 Nxb3 15. axb3 Qd7 16. Na4 Qxf5 17. Nb6 Rd8 18. Qe2 0-0 19. Ra5 Qe4 20. Qd2 Qc6 21. Nd5 Nxd5 22. Rxd5 Rc8 23. c4 b5 24. Rc1 Qb6 25. h4 gxh4 26. Qxh6 hxg3 27. Rd3 Qxf2+ 28. Kh1 Bf6 29. Rf3 Bg7 30. Qg5 Qd4 31. Rxg3 e4 32. Rf1 Rc5 33. Qh6 Qe5 34. Rf4 Qh5+ 35. Qxh5 Rxh5+ 36. Kg1 Re8 37. Rfg4 Rh7 38. Kf2 Kf8 39. Ke3 Bh6+ 40. Ke2 e3 41. cxb5 axb5 42. Rb4 Rc8 43. Rxb5 Rc2+ 44. Kd3 e2 45. Rb8+ Ke7 46. Rb7+ Ke6 47. Rg8 Rd2+ 48. Kc3 Bg7+ 49. Kxd2 Rh1 50. Kxe2 1-0

[Event "EU-ch qual Online"]
[Site "Tornelo INT"]
[Date "2020.12.18"]
[Round "4"]
[White "Havlik, Jan"]
[Black "Ivlev, Aleksey"]
[Result "1/2-1/2"]
[WhiteElo "2393"]
[BlackElo "2315"]
[PlyCount "182"]
[EventDate "2020.12.18"]
[EventType "swiss"]
[EventRounds "11"]
[EventCountry "POL"]
[SourceTitle "CBM 199 Extra"]
[Source "ChessBase"]
[SourceDate "2021.01.31"]
[SourceVersion "1"]
[SourceVersionDate "2021.01.31"]
[SourceQuality "1"]

1. e4 e5 2. Nf3 Nc6 3. Bb5 a6 4. Ba4 Nf6 5. d4 b5 6. Bb3 d6 7. dxe5 dxe5 8. Qxd8+ Nxd8 9. Nxe5 c5 10. c3 c4 11. Bc2 Bc5 12. a4 Bb7 13. axb5 axb5 14. Rxa8 Bxa8 15. Nd2 0-0 16. 0-0 Ne6 17. b3 cxb3 18. Nxb3 Bb6 19. Re1 Rc8 20. Bd2 b4 21. c4 Nd4 22. Nxd4 Bxd4 23. Nf3 Bb6 24. e5 Ng4 25. Ra1 g6 26. Bxb4 Bxf2+ 27. Kf1 Bb6 28. Bd3 Bxf3 29. gxf3 Nxe5 30. Be2 Nxc4 31. Ra6 Ne3+ 32. Kf2 Nd5+ 33. Kg3 Bc7+ 34. Bd6 Bxd6+ 35. Rxd6 Ne7 36. Rd7 Nf5+ 37. Kf2 Rc2 38. Ke1 Rb2 39. Bd3 Ne3 40. Re7 Ng2+ 41. Kf1 Nf4 42. Bc4 Ne6 43. Bxe6 fxe6 44. Kg1 Re2 45. Kf1 Re5 46. Kf2 h5 47. Ra7 Rf5 48. Re7 Rf6 49. Kg3 Kf8 50. Ra7 Rf7 51. Ra6 Ke7 52. h4 Kf6 53. Ra5 Rd7 54. Ra6 Rd4 55. Ra5 Rd5 56. Ra6 Kf5 57. Ra8 Kf6 58. Rf8+ Kg7 59. Ra8 Kf7 60. Ra6 Rd7 61. Rb6 Ke7 62. Ra6 Rd6 63. Ra7+ Kf6 64. Ra5 e5 65. Ra8 Kf5 66. Rf8+ Rf6 67. Re8 Rf7 68. Rg8 Kf6 69. Re8 Re7 70. Rf8+ Rf7 71. Re8 Rc7 72. Rf8+ Ke6 73. Rg8 Kf7 74. Ra8 Rc3 75. Kg2 Rd3 76. Kf2 Ke6 77. Rf8 Ra3 78. Kg2 Ra4 79. Kg3 Ra7 80. Rg8 Kf6 81. Rf8+ Rf7 82. Ra8 g5 83. hxg5+ Kxg5 84. Rg8+ Kf5 85. Rh8 Rg7+ 86. Kf2 Kg5 87. Re8 Kf6 88. Rh8 Rg5 89. Rh6+ Kf5 90. Ke3 Rg1 91. Rxh5+ Ke6 1/2-1/2

[Event "EU-ch qual Online"]
[Site "Tornelo INT"]
[Date "2020.12.18"]
[Round "5"]
[White "Mostbauer, Florian"]
[Black "Havlik, Jan"]
[Result "1/2-1/2"]
[WhiteElo "2304"]
[BlackElo "2393"]
[PlyCount "78"]
[EventDate "2020.12.18"]
[EventType "swiss"]
[EventRounds "11"]
[EventCountry "POL"]
[SourceTitle "CBM 199 Extra"]
[Source "ChessBase"]
[SourceDate "2021.01.31"]
[SourceVersion "1"]
[SourceVersionDate "2021.01.31"]
[SourceQuality "1"]

1. d4 Nf6 2. Nf3 g6 3. Bg5 Bg7 4. Nbd2 d5 5. e3 0-0 6. Be2 c6 7. 0-0 Nbd7 8. c4 h6 9. Bh4 Qe8 10. cxd5 cxd5 11. Rc1 e5 12. dxe5 Nxe5 13. Nxe5 Qxe5 14. Qb3 Ne4 15. Nxe4 dxe4 16. Rc2 Be6 17. Bc4 Bxc4 18. Rxc4 Qxb2 19. Qxb2 Bxb2 20. Rb1 Bg7 21. Rxb7 Rfc8 22. Rxc8+ Rxc8 23. g4 a5 24. Ra7 Bc3 25. Bg3 Rd8 26. Bc7 Rd2 27. Bxa5 Rxa2 28. Bb6 Rxa7 29. Bxa7 f5 30. gxf5 gxf5 31. f3 exf3 32. Kf2 Kf7 33. Kxf3 Kg6 34. Bb8 Bf6 35. h3 Be7 36. e4 fxe4+ 37. Kxe4 Kg5 38. Bf4+ Kh4 39. Bxh6 Kxh3 1/2-1/2

[Event "EU-ch qual Online"]
[Site "Tornelo INT"]
[Date "2020.12.18"]
[Round "7"]
[White "Vitenberg, Noam Aviv"]
[Black "Havlik, Jan"]
[Result "0-1"]
[WhiteElo "2320"]
[BlackElo "2393"]
[PlyCount "56"]
[EventDate "2020.12.18"]
[EventType "swiss"]
[EventRounds "11"]
[EventCountry "POL"]
[SourceTitle "CBM 199 Extra"]
[Source "ChessBase"]
[SourceDate "2021.01.31"]
[SourceVersion "1"]
[SourceVersionDate "2021.01.31"]
[SourceQuality "1"]

1. d4 Nf6 2. c4 g6 3. Nc3 Bg7 4. e4 d6 5. Nf3 0-0 6. Be2 e5 7. Be3 Ng4 8. Bg5 f6 9. Bc1 f5 10. h3 Nxf2 11. Kxf2 fxe4 12. Nxe4 Qh4+ 13. Ke3 Bh6+ 14. Kd3 Qxe4+ 15. Kc3 exd4+ 16. Nxd4 Bg7 17. Bf3 Qe5 18. Re1 Qf6 19. Bd5+ Kh8 20. Re4 c5 21. Be3 Nc6 22. Bxc6 bxc6 23. Qa4 Bf5 24. Rf4 Qe5 25. Kd2 cxd4 26. Rxd4 Bh6 27. Bxh6 Qxd4+ 28. Kc1 Rae8 0-1

[Event "Titled Tuesday intern op 15st Dec"]
[Site "Chess.com INT"]
[Date "2020.12.15"]
[Round "1"]
[White "Havlik, Jan"]
[Black "Dovbnia, Nikita"]
[Result "1-0"]
[WhiteElo "2393"]
[BlackElo "1902"]
[PlyCount "47"]
[EventDate "2020.12.15"]
[EventType "swiss (blitz)"]
[EventRounds "11"]
[EventCountry "USA"]
[SourceTitle "CBM 199 Extra"]
[Source "ChessBase"]
[SourceDate "2021.01.31"]
[SourceVersion "1"]
[SourceVersionDate "2021.01.31"]
[SourceQuality "1"]

1. e4 c5 2. Nf3 d6 3. d4 cxd4 4. Nxd4 Nf6 5. Nc3 a6 6. Bc4 e6 7. Bb3 b5 8. 0-0 Be7 9. f4 Bb7 10. f5 e5 11. Nde2 0-0 12. Ng3 b4 13. Nd5 Nbd7 14. Nxf6+ Nxf6 15. Bg5 Nxe4 16. Nxe4 Bxe4 17. Bxe7 Qxe7 18. Qg4 Qa7+ 19. Kh1 Qb7 20. f6 g6 21. Rae1 d5 22. Qg5 Kh8 23. Re3 h5 24. Qh6+ 1-0

[Event "Titled Tuesday intern op 10th Nov"]
[Site "Chess.com INT"]
[Date "2020.11.10"]
[Round "1"]
[White "Havlik, Jan"]
[Black "Sergienko, Sergey"]
[Result "0-1"]
[WhiteElo "2393"]
[BlackElo "2335"]
[PlyCount "120"]
[EventDate "2020.11.10"]
[EventType "swiss (blitz)"]
[EventRounds "11"]
[EventCountry "USA"]
[SourceTitle "CBM 199 Extra"]
[Source "ChessBase"]
[SourceDate "2021.01.31"]
[SourceVersion "1"]
[SourceVersionDate "2021.01.31"]
[SourceQuality "1"]

1. e4 c5 2. Nf3 a6 3. Nc3 b5 4. d4 cxd4 5. Nxd4 Bb7 6. Bd3 g6 7. 0-0 Bg7 8. Be3 d6 9. a3 Nf6 10. f4 Nbd7 11. f5 0-0 12. Qc1 Ng4 13. Nce2 Nxe3 14. Qxe3 Rc8 15. c3 Ne5 16. Bc2 Nc4 17. Qh3 Nxb2 18. fxg6 hxg6 19. Nf5 Nc4 20. Nxg7 Kxg7 21. Nd4 Ne5 22. Bb3 Nc4 23. Rf3 Rh8 24. Rxf7+ Kxf7 25. Rf1+ Ke8 26. Qxh8+ Kd7 27. Qh3+ Ke8 28. Ne6 Qb6+ 29. Kh1 Qe3 30. Qg4 Ne5 31. Qh4 Qxe4 32. Qg5 Qxg2+ 33. Qxg2 Bxg2+ 34. Kxg2 Rxc3 35. Bd5 Rxa3 36. Nd4 Kd7 37. Be6+ Kc7 38. Rc1+ Kb6 39. h4 Rd3 40. Ne2 a5 41. Nf4 Rd2+ 42. Kg3 a4 43. Nd5+ Ka5 44. Rc7 b4 45. Nxe7 b3 46. Rb7 Rd3+ 47. Kf4 Rd4+ 48. Ke3 Rxh4 49. Bd5 Rh3+ 50. Kd4 Rd3+ 51. Ke4 Rd2 52. Rb8 b2 53. Nc6+ Nxc6 54. Bxc6 a3 55. Rb5+ Ka6 56. Rb3 d5+ 57. Bxd5 a2 58. Bc4+ Ka5 59. Rb5+ Ka4 60. Rb7 b1Q+ 0-1

[Event "Titled Tuesday intern op 20th Oct"]
[Site "Chess.com INT"]
[Date "2020.10.20"]
[Round "4"]
[White "Havlik, Jan"]
[Black "Barrionuevo, Pablo"]
[Result "1-0"]
[WhiteElo "2394"]
[BlackElo "2259"]
[PlyCount "79"]
[EventDate "2020.10.20"]
[EventType "swiss (blitz)"]
[EventRounds "11"]
[EventCountry "USA"]
[SourceTitle "EXT 2022"]
[Source "ChessBase"]
[SourceDate "2021.10.06"]
[SourceVersion "1"]
[SourceVersionDate "2021.10.06"]
[SourceQuality "1"]

1. e4 d6 2. d4 Nf6 3. Nc3 g6 4. Be3 c6 5. f3 Nbd7 6. Bc4 d5 7. Bb3 e6 8. e5 Nh5 9. Nce2 c5 10. c3 Be7 11. Qd2 b6 12. Nh3 Ba6 13. Nef4 Nxf4 14. Nxf4 h5 15. g3 c4 16. Bc2 Nf8 17. h4 Bb7 18. Nh3 b5 19. Bg5 Bxg5 20. Nxg5 Qe7 21. a4 a6 22. axb5 axb5 23. Rxa8+ Bxa8 24. 0-0 Nd7 25. Ra1 Nb6 26. Ra6 Qb7 27. Qf4 Rf8 28. Ra1 Nd7 29. Nh7 Rg8 30. Nf6+ Nxf6 31. exf6 Kd7 32. Qh6 Kc6 33. Qh7 Rb8 34. Qg7 Qc7 35. Kf2 b4 36. Ra6+ Kb5 37. Rxe6 bxc3 38. bxc3 Ka5 39. Re2 Rb2 40. Qf8 1-0

[Event "Titled Tuesday intern op 20th Oct"]
[Site "Chess.com INT"]
[Date "2020.10.20"]
[Round "5"]
[White "Kovalenko, Igor"]
[Black "Havlik, Jan"]
[Result "1/2-1/2"]
[WhiteElo "2654"]
[BlackElo "2394"]
[PlyCount "165"]
[EventDate "2020.10.20"]
[EventType "swiss (blitz)"]
[EventRounds "11"]
[EventCountry "USA"]
[SourceTitle "EXT 2022"]
[Source "ChessBase"]
[SourceDate "2021.10.06"]
[SourceVersion "1"]
[SourceVersionDate "2021.10.06"]
[SourceQuality "1"]

1. e4 c5 2. Nf3 Nc6 3. Bb5 g6 4. 0-0 Bg7 5. c3 Nf6 6. Re1 0-0 7. h3 e5 8. d4 cxd4 9. cxd4 Nxd4 10. Nxd4 exd4 11. Qxd4 d5 12. e5 Ne8 13. Nc3 Nc7 14. Ba4 a6 15. Bb3 b5 16. f4 Bb7 17. Qb6 Rb8 18. Be3 Ne6 19. Qxd8 Rfxd8 20. Ba7 Rbc8 21. Bb6 Rd7 22. g3 Bf8 23. Red1 d4 24. Bxe6 fxe6 25. Rxd4 Rxd4 26. Bxd4 b4 27. Ne2 Rc2 28. Kf2 Bd5 29. Rc1 Rxc1 30. Nxc1 a5 31. b3 Bc6 32. Nd3 a4 33. bxa4 Bxa4 34. Bc5 Bb5 35. Bxf8 Bxd3 36. Bxb4 Kf7 37. Ke3 Bc2 38. Kd4 Ke8 39. Kc5 Kd7 40. Kb6 h5 41. g4 hxg4 42. hxg4 Bd1 43. g5 Bc2 44. a3 Bd1 45. Bd6 Bc2 46. Bc5 Bd1 47. Be3 Bc2 48. Kb5 Bd3+ 49. Kb4 Kc6 50. a4 Be2 51. a5 Bd3 52. Kc3 Ba6 53. f5 exf5 54. Kd4 Bc8 55. Kc4 Ba6+ 56. Kd4 Bc8 57. Bf4 Be6 58. a6 Kb6 59. a7 Kxa7 60. Kc5 Kb7 61. Kd6 Bc4 62. e6 Kc8 63. Ke7 Bd5 64. Be3 Bc4 65. Bd2 Bd5 66. Kd6 Bb3 67. Be3 Kd8 68. Ke5 Ke8 69. Kf6 Bc4 70. Bf4 Bd5 71. Bd6 Bc4 72. e7 Bf7 73. Bc5 f4 74. Ke5 f3 75. Ke4 Be6 76. Kxf3 Bf5 77. Kf4 Bc2 78. Ke5 Bb1 79. Kf6 Bc2 80. Ke6 Bb1 81. Kf6 Bc2 82. Ke6 Bb1 83. Kf6 1/2-1/2

[Event "Titled Tuesday intern op 20th Oct"]
[Site "Chess.com INT"]
[Date "2020.10.20"]
[Round "6"]
[White "Meskovs, Nikita"]
[Black "Havlik, Jan"]
[Result "1-0"]
[WhiteElo "2581"]
[BlackElo "2394"]
[PlyCount "87"]
[EventDate "2020.10.20"]
[EventType "swiss (blitz)"]
[EventRounds "11"]
[EventCountry "USA"]
[SourceTitle "EXT 2022"]
[Source "ChessBase"]
[SourceDate "2021.10.06"]
[SourceVersion "1"]
[SourceVersionDate "2021.10.06"]
[SourceQuality "1"]

1. e4 c5 2. Nf3 Nc6 3. Bb5 g6 4. Bxc6 dxc6 5. h3 e5 6. 0-0 f6 7. a3 Be6 8. d3 h5 9. Qe2 g5 10. b4 cxb4 11. axb4 Bxb4 12. Ba3 Bxa3 13. Nxa3 Ne7 14. Rfb1 b6 15. Nd2 Ng6 16. Nac4 Nf4 17. Qf1 0-0 18. Ne3 Qd7 19. Kh2 f5 20. exf5 Bxf5 21. Ne4 Bxe4 22. dxe4 Qd4 23. Qc4+ Qxc4 24. Nxc4 Ng6 25. f3 Rfd8 26. Ra6 Rd4 27. Ne3 Rdd8 28. Rba1 Nf4 29. Nc4 Rd4 30. Ne3 Rd2 31. Kg1 Re2 32. R1a3 Rd8 33. Rxa7 Nxg2 34. Ra8 Nxe3 35. Rxd8+ Kf7 36. Ra7+ Ke6 37. Rg8 Kd6 38. Rxg5 Nxc2 39. Kf1 Nd4 40. Rf7 b5 41. Rf6+ Ke7 42. Rh6 Rh2 43. Rg7+ Kf8 44. Ra7 1-0

[Event "Titled Tuesday intern op 20th Oct"]
[Site "Chess.com INT"]
[Date "2020.10.20"]
[Round "3"]
[White "Quparadze, Giga"]
[Black "Havlik, Jan"]
[Result "1/2-1/2"]
[WhiteElo "2463"]
[BlackElo "2394"]
[PlyCount "156"]
[EventDate "2020.10.20"]
[EventType "swiss (blitz)"]
[EventRounds "11"]
[EventCountry "USA"]
[SourceTitle "EXT 2022"]
[Source "ChessBase"]
[SourceDate "2021.10.06"]
[SourceVersion "1"]
[SourceVersionDate "2021.10.06"]
[SourceQuality "1"]

1. e4 c5 2. Ne2 Nc6 3. d4 cxd4 4. Nxd4 e5 5. Nb5 d6 6. N1c3 a6 7. Na3 b5 8. Nd5 Nce7 9. c4 Nxd5 10. exd5 bxc4 11. Nxc4 f5 12. a4 Nf6 13. a5 Be7 14. Be3 0-0 15. Nb6 Bb7 16. Nxa8 Qxa8 17. Bc4 Bxd5 18. Bxd5+ Nxd5 19. 0-0 f4 20. Bb6 f3 21. g3 Nf6 22. Rc1 e4 23. Rc7 Qe8 24. Re1 Qh5 25. Rxe4 Nxe4 26. Rxe7 Ng5 27. h4 Nh3+ 28. Kh2 Nf4 29. Be3 Ng6 30. Re4 d5 31. Qb3 Kh8 32. Rb4 Ne5 33. Rb8 Ng4+ 34. Kg1 Qf5 35. Qd3 Qf7 36. Qxd5 Qe7 37. Rxf8+ Qxf8 38. Qe4 h5 39. Qf4 Qd8 40. Qxf3 Qxa5 41. Qe2 Qe5 42. Qd2 a5 43. Bd4 Qf5 44. Bc3 a4 45. Kg2 Kh7 46. f3 Ne5 47. Bxe5 Qxe5 48. Qc2+ g6 49. Kh3 Qe6+ 50. g4 hxg4+ 51. fxg4 Qe3+ 52. Kg2 Qf4 53. Qe2 Qd4 54. Kf3 Qf6+ 55. Kg3 Qd6+ 56. Kh3 Qf6 57. h5 gxh5 58. gxh5 Qf5+ 59. Qg4 Qd3+ 60. Kh4 a3 61. bxa3 Qxa3 62. Qg6+ Kh8 63. Qh6+ Kg8 64. Qg5+ Kh8 65. Qf6+ Kh7 66. Kg5 Qc5+ 67. Kg4 Qc4+ 68. Kg3 Qd3+ 69. Kf2 Qd2+ 70. Kg3 Qe3+ 71. Kg4 Qe4+ 72. Kg5 Qg2+ 73. Kh4 Qh2+ 74. Kg4 Qg2+ 75. Kf5 Qf3+ 76. Kg5 Qxf6+ 77. Kxf6 Kh6 78. Kf5 Kxh5 1/2-1/2

[Event "Titled Tuesday intern op 30th June"]
[Site "Chess.com INT"]
[Date "2020.06.30"]
[Round "3"]
[White "Cardoso Cardoso, Jose Gabriel"]
[Black "Havlik, Jan"]
[Result "1-0"]
[WhiteElo "2414"]
[BlackElo "2394"]
[PlyCount "45"]
[EventDate "2020.06.30"]
[EventType "swiss (blitz)"]
[EventRounds "10"]
[EventCountry "USA"]
[SourceTitle "CBM 197 Extra"]
[Source "ChessBase"]
[SourceDate "2020.09.30"]
[SourceVersion "1"]
[SourceVersionDate "2020.09.30"]
[SourceQuality "1"]

1. Nf3 g6 2. g3 Bg7 3. d4 d6 4. Bg2 Nf6 5. 0-0 0-0 6. c4 Nc6 7. Nc3 e5 8. d5 Ne7 9. e4 Ne8 10. b4 a5 11. bxa5 Rxa5 12. Nd2 f5 13. Nb3 Ra8 14. f3 c6 15. Be3 cxd5 16. cxd5 b5 17. Nxb5 Ba6 18. a4 f4 19. gxf4 exf4 20. Bd4 Nc7 21. Bxg7 Kxg7 22. N3d4 Qd7 23. Nxc7 1-0